000
00219nam a22000857a 4500
008
161206b xxu||||| |||| 00| 0 eng d
100
_9
1864
_a
Bhat, R.L
245
_a
Social Science - VII
260
_a
New Delhi
_b
Holy Faith
_c
2006
999
_c
4611
_d
4611